Регионална библиотека "Любен Каравелов" - Русе

Две балади (Запис номер 349578)

MARC детайли
000 -Лидер
Контролно поле с фиксирана дължина 01069ncm a2200265 a 4500
003 - Код на организацията, давaща контролен номер
Контролно поле BLK
005 - Дата и час на последна редакция
Контролно поле 20230802005159.0
008 - Елементи от данни с фиксирана дължина
fixed length control field 200325b bu ||||| |||| 00| 0 bu d
040 ## - Източник на каталожния запис
Идентификатор на билиотеката - собственик на записа BLK
041 ## - Код за език
Код за езика на текст/звукозапис или на отделно заглавие Български
Код за езика КДБФ Български
080 ## - УДК
Текстов определител УДК Камерна вок. муз. Песни, балади, арии, романси
УДК код - определител по УДК 784.3
УДК - код + определител 784.3
100 ## - Редна дума - Автор
Автор Пипков, Любомир Панайотов
Дати, свързани с автора 1904-1974
Авторска отговорност първи автор
R(LIN) 428881
139 ## - Редно поле
Редна дума Пипков, Любомир
Авторски знак Пил - П 52
245 ## - Сведения за заглавието
Заглавие Две балади
Подзаглавни данни За нисък глас и пиано
Редно поле (дума) Любомир Пипков
260 ## - Област на издателските данни
Място на издаване, разпространение и проч. София
Година на издаване 1956
300 ## - Физическа характеристика
Страници 16 с.
Размери/Мащаб 32 см
380 ## - Жанр
Жанр Изкуство
505 ## - Форматирана забележка
Подзаглавни данни Оп. 6, N 3
Авторската отговорност Текст Никола Фурнаджиев
Заглавие Конници
505 ## - Форматирана забележка
Подзаглавни данни Оп. 38, N 2
Авторската отговорност Текст Давид Овадия
Заглавие Мечтата на партизанина
650 #0 - Допълнително описание по предмет – тема
9 (RLIN) 276897
Основно описание – тема или топоним Вокална музика
653 #7 - Ключова дума – ненормативна
9 (RLIN) 193730
Ключова дума пиано
852 ## - Местоположение
Форматна сигнатура Цб М II 2
Фондова буква Отдел Изкуство - подръчен фонд
999 ## - СИСТЕМНИ КОНТРОЛНИ НОМЕРА
Koha biblionumber 349578
Koha biblioitemnumber 349578
942 ## - АРТИКУЛИ
Вид на библиотечния материал Нотни издания
Скрит в OPAC Не
Периодичен библиозапис Да
944 ## - СЪЗДАВАНЕ И РЕДАКЦИЯ на ЗАПИСА
Дата на регистрацията/редакция 2020-03-25
Служител, извършил регистрацията/редакцията
Статус, дата на статуса CRON CRON
Наличности
Код за отписване Код за изгубен артикул Източник на класификационната схема Код за повреда Коз за рестрикции Код за отдаване Артикулен № Име на библиотеката - собственик Име на библиотеката, в която се намира в момента Статус (Текущо местоположение) Дата на вписване в системата Местоположение - отдел Цена в лева Инвентарен номер Систематично азбучна сигнатура Баркод Цена в евро Служебен тип на артикула
  Не е изгубен Universal Decimal Classification Не е повреден само за читалня ползва се в читалня 763872 Регионална библиотека "Любен Каравелов" Русе Регионална библиотека "Любен Каравелов" Русе Хранилище 2020-04-23 Основен фонд - ползва се само за читалня 0.20 388110 Цб М ІІ 2 120000388110 0.10 Нотни издания
Изтеглен Не е изгубен Universal Decimal Classification Не е повреден без рестрикции заемане за дома 764431 Регионална библиотека "Любен Каравелов" Русе Регионална библиотека "Любен Каравелов" Русе Отдел Изкуство - подръчен фонд 2020-04-24 Отдел Изкуство - подръчен фонд 0.56 6826/57 784/П 52 Л 900000001770 0.29 Нотни издания
  Не е изгубен Universal Decimal Classification Не е повреден без рестрикции заемане за дома 764432 Регионална библиотека "Любен Каравелов" Русе Регионална библиотека "Любен Каравелов" Русе Отдел Изкуство - подръчен фонд 2020-04-24 Отдел Изкуство - подръчен фонд 0.56 2162/56 784/П 52 Л 900000001771 0.29 Нотни издания
Vip Innovations Ltd, Rousse, Bulgaria 2025